000 00601cam a2200217 a 4500
001 1948381
005 20180308050825.0
008 870302s1985 enka b 001 0 eng
010 _a 87003709
020 _a0470205989 (Wiley : pbk.)
040 _aDLC
_cDLC
_dDLC
041 _aeng
080 _a320.12 TAY
082 0 0 _a320.12 TAY
_219
100 1 _a20
101 _aPOL
245 1 0 _aPolitical geography :
_cPeter J. Taylor.
504 _aBibliography: p. [223]-234.
906 _a7
_bcbc
_corignew
_d1
_eocip
_f19
_gy-gencatlg
942 _2ddc
_cBK
999 _c44447
_d44447